[Event "WYCC 2018 O16"]
[Site "Halkidiki"]
[Date "2018.10.23"]
[Round "5"]
[White "Loiacono, Leonardo"]
[Black "Blohberger, Felix"]
[Result "0-1"]
[WhiteElo "2277"]
[BlackElo "2433"]
[Annotator "TA"]
[PlyCount "68"]
[EventDate "2018.10.20"]
[EventType "swiss"]
[EventCountry "GRE"]
[SourceTitle "playchess.com"]
[Source "ChessBase"]
[SourceQuality "1"]

{[%evp 20,68,16,-8,39,25,15,29,20,37,24,0,61,58,55,55,71,54,66,-45,-46,-62,-62,-188,-172,-252,-233,-220,-202,-404,-388,-391,-388,-371,-346,-421,-414,-847,-680,-1972,-557,-598,-565,-839,-707,-958,-968,-2428,-2060,-29982,-11291]} 1. d4 Nf6 2. c4 e6 3. Nc3 Bb4 4. Qc2 d5 5. cxd5 exd5 6. Bg5 {[%cal Bc1g5,Bg5h4,Bh4g3,Bg3e5][%mdl 32]} h6 {[%cal Bh7h6,Bh6h5,Bh5h4][%mdl 32]} 7. Bh4 Nc6 {E35: Nimzo-Indian: Classical: 4...d5 5 cxd5 exd5} (7... c5 8. dxc5 g5 9. Bg3 Ne4 10. e3 Qa5 11. Nge2 Bf5 12. Bxb8 Rxb8 13. Nd4 Bd7 14. Nb3 Bxc3+ 15. bxc3 Qxc3+ 16. Qxc3 Nxc3 17. Bd3 Ke7 {½-½ (37) Duda,J (2739)-Karjakin,S (2760) Batumi 2018}) 8. e3 g5 9. Bg3 h5 10. Bb5 h4 11. Be5 {LiveBook: 7 Games} Rh6 12. Bxc6+ bxc6 13. h3 $146 ({Predecessor:} 13. f3 Nd7 14. f4 g4 15. Qe2 {0-1 (33) Harstad,C (1962)-Hansen,T (2457) Fornebu 2016}) 13... Ne4 14. Nge2 Bf5 15. Qa4 Qb8 (15... a5 $11) 16. O-O $14 Bxc3 17. Nxc3 Nxc3 18. bxc3 Qb5 19. Qxb5 (19. Qa3 $14) 19... cxb5 $15 20. Bxc7 a5 {[%cal Ba7a5,Ba5b4,Bb4b3][%mdl 32]} 21. a4 ({Better is} 21. f3 $15) 21... Rc6 $19 22. Be5 {[#]} (22. e4 $142 Bxe4 23. Bh2) 22... b4 $1 23. cxb4 axb4 {Hoping for ...f6.} 24. a5 $2 (24. f3) 24... f6 25. Ra4 b3 {Strongly threatening ...Bd3.} ({Don't do} 25... fxe5 26. Rxb4 exd4 27. Rxd4 $19) 26. Rb4 Bc2 ({Much less strong is} 26... fxe5 27. dxe5 Bc2 28. f4 $19) 27. Bh2 {With the idea Ra1.} Rxa5 28. f4 {[#]} (28. g3 $142 hxg3 29. Rb8+ Kf7 30. Bxg3) 28... g4 $1 {[%mdl 512]} 29. hxg4 Raa6 (29... Ra2 $142 {aiming for ...Be4.} 30. Re1 Be4 31. Rb8+ Kd7) 30. Rb8+ Kd7 31. Rb5 Rab6 32. Rxd5+ Ke7 {Threatens to win with ...Bd3.} 33. Rh5 b2 34. f5 Bd3 {Precision: White = 26%, Black = 77%.} 0-1

[Event "WYCC 2018 O16"]
[Site "Halkidiki"]
[Date "2018.10.23"]
[Round "5"]
[White "De Waele, Warre"]
[Black "Stoleriu, George"]
[Result "1-0"]
[WhiteElo "2272"]
[BlackElo "2362"]
[Annotator "NA"]
[PlyCount "63"]
[EventDate "2018.10.20"]
[EventType "swiss"]
[EventCountry "GRE"]
[SourceTitle "playchess.com"]
[Source "ChessBase"]
[SourceQuality "1"]
[TimeControl "40/5400+30:1800+30"]

1. d4 {[%emt 0:00:00]} e6 {[%emt 0:00:00]} 2. c4 {[%emt 0:00:00]} Nf6 {[%emt 0:00:00]} 3. Nf3 {[%emt 0:00:07]} Bb4+ {[%emt 0:00:15]} 4. Bd2 {[%emt 0:00:10]} Qe7 {[%emt 0:00:22]} 5. g3 {[%emt 0:00:24]} O-O {[%emt 0:02:42]} 6. Bg2 {[%emt 0:01:17]} Bxd2+ {[%emt 0:00:04]} 7. Qxd2 {[%emt 0:00:49]} d6 {[%emt 0:00:22]} 8. O-O {[%emt 0:02:12]} e5 {[%emt 0:06:07]} 9. Nc3 {[%emt 0:00:20]} c6 {[%emt 0:01:21]} 10. e4 {[%emt 0:02:37]} Na6 {[%emt 0:00:23]} 11. h3 {[%emt 0:07:30]} Re8 {[%emt 0:14:03]} 12. Rfe1 {[%emt 0:03:09] LiveBook: 5 Games} Qc7 {[%emt 0:01:26]} 13. Rac1 {[%emt 0:11:35]} Be6 {[%emt 0:12:50]} 14. b3 {[%emt 0:03:23]} Rad8 {[%emt 0:02:46]} 15. Nd5 {[%emt 0:09:36]} cxd5 {[%emt 0:05:15]} 16. cxd5 {[%emt 0:00:40]} Qb6 {[%emt 0:02:44]} 17. dxe6 $14 {[%emt 0:00:11]} Rxe6 {[%emt 0:00:28]} 18. a3 {[%emt 0:21:49]} Ree8 {[%emt 0:16:41]} 19. b4 {[%emt 0:04:11]} Nc7 {[%emt 0:14:53]} 20. a4 {[%emt 0:05:07]} Na6 {[%emt 0:07:25]} 21. b5 {[%emt 0:00:43]} Nb8 {[%emt 0:00:05]} 22. Bf1 {[%emt 0:03:23]} a5 {[%emt 0:02:36]} 23. Bc4 {[%emt 0:01:54]} h6 {[%emt 0:02:02]} 24. Qa2 {[%emt 0:03:19]} Rd7 {[%emt 0:02:31]} 25. Rcd1 {[%emt 0:01:12]} exd4 {[%emt 0:01:04]} 26. e5 {[%emt 0:01:58]} d5 {[%emt 0:03:59]} 27. exf6 {[%emt 0:02:12]} Rxe1+ {[%emt 0:00:05]} 28. Rxe1 {[%emt 0:00:07]} dxc4 {[%emt 0:00:03]} 29. Re8+ {[%emt 0:00:13]} Kh7 {[%emt 0:00:02]} 30. Qxc4 {[%emt 0:01:31]} d3 {[%emt 0:01:48]} 31. Qe4+ {[%emt 0:01:17]} g6 {[%emt 0:00:05]} 32. Qh4 {[%emt 0:00:20]} 1-0

[Event "WYCC 2018 O16"]
[Site "Halkidiki"]
[Date "2018.10.23"]
[Round "5"]
[White "Semjonovs, Ilja"]
[Black "Katopodis, Dimitrios"]
[Result "1-0"]
[WhiteElo "2245"]
[BlackElo "2310"]
[Annotator "NA"]
[PlyCount "65"]
[EventDate "2018.10.20"]
[EventType "swiss"]
[EventCountry "GRE"]
[SourceTitle "playchess.com"]
[Source "ChessBase"]
[SourceQuality "1"]
[TimeControl "40/5400+30:1800+30"]

1. e4 {[%emt 0:01:48]} d6 {[%emt 0:00:02]} 2. d4 {[%emt 0:00:46]} Nf6 {[%emt 0:00:05]} 3. Nc3 {[%emt 0:00:11]} e5 {[%emt 0:00:21]} 4. Nf3 {[%emt 0:00:53]} Nbd7 {[%emt 0:00:08]} 5. Bc4 {[%emt 0:01:29]} Be7 {[%emt 0:00:05]} 6. O-O {[%emt 0:02:03]} O-O {[%emt 0:00:10]} 7. a4 {[%emt 0:02:30]} c6 {[%emt 0:00:19]} 8. a5 {[%emt 0:02:03]} Nxe4 {[%emt 0:05:09] C41: Philidor Defence} 9. Nxe4 {[%emt 0:02:16]} d5 {[%emt 0:00:08]} 10. a6 {[%emt 0:08:23]} dxe4 {[%emt 0:07:25]} 11. axb7 {[%emt 0:02:57]} Bxb7 {[%emt 0:00:31]} 12. Nxe5 {[%emt 0:00:30]} Nb6 $146 {[%emt 0:05:42]} ({Black should play Predecessor:} 12... c5 $14 13. Qh5 Nxe5 14. dxe5 Qd4 15. Ra4 g6 16. Qh3 Qxe5 {0-1 (32) Edouard,R (2659)-Bortnyk,O (2533) Wroclaw 2014}) 13. Bb3 {[%emt 0:03:17]} Nd5 {[%emt 0:02:21]} 14. f3 {[%emt 0:08:15]} exf3 {[%emt 0:04:53]} 15. Qxf3 {[%emt 0:05:42]} Bf6 {[%emt 0:05:49]} 16. c4 {[%emt 0:24:27]} Ne7 {[%emt 0:07:57]} 17. Be3 {[%emt 0:08:22]} Qb6 {[%emt 0:10:35]} 18. Bc2 {[%emt 0:04:43]} Bxe5 {[%emt 0:08:36]} 19. dxe5 {[%emt 0:00:43]} c5 {[%emt 0:00:46]} 20. Qf2 {[%emt 0:02:00]} Qe6 {[%emt 0:11:52]} 21. Bxc5 {[%emt 0:01:19]} Rfc8 {[%emt 0:02:43]} 22. b3 {[%emt 0:08:02]} a5 {[%emt 0:06:01]} 23. Rad1 {[%emt 0:02:53]} Rd8 {[%emt 0:01:04]} 24. Rd6 {[%emt 0:00:47]} Rxd6 {[%emt 0:00:54]} 25. exd6 {[%emt 0:00:16]} Ng6 {[%emt 0:00:23]} 26. Bf5 $18 {[%emt 0:01:51]} Qf6 {[%emt 0:00:36]} 27. d7 {[%emt 0:00:58]} Ne5 {[%emt 0:03:55]} 28. Bb6 {[%emt 0:03:41]} g6 {[%emt 0:02:10]} 29. Bh3 {[%emt 0:00:16]} Qe7 {[%emt 0:01:13]} 30. Qf6 {[%emt 0:00:47]} Qxf6 {[%emt 0:02:23]} 31. Rxf6 {[%emt 0:00:04]} Nc6 {[%emt 0:00:38]} 32. Rxc6 {[%emt 0:00:10]} Bxc6 {[%emt 0:00:28]} 33. d8=Q+ {[%emt 0:00:06]} 1-0

[Event "WYCC 2018 O16"]
[Site "Halkidiki"]
[Date "2018.10.23"]
[Round "5"]
[White "Juksta, Karolis"]
[Black "Ibrahimli, Murad"]
[Result "0-1"]
[WhiteElo "2234"]
[BlackElo "2379"]
[Annotator "NA"]
[PlyCount "70"]
[EventDate "2018.10.20"]
[EventType "swiss"]
[EventCountry "GRE"]
[SourceTitle "playchess.com"]
[Source "ChessBase"]
[SourceQuality "1"]
[TimeControl "40/5400+30:1800+30"]

1. d4 {[%emt 0:00:00] Wells,P} Nf6 {[%emt 0:00:02]} 2. c4 {[%emt 0:00:00]} e6 {[%emt 0:00:47]} 3. Nc3 {[%emt 0:00:00]} Bb4 {[%emt 0:00:09]} 4. e3 {[%emt 0:00:00]} b6 {[%emt 0:00:43]} 5. Nge2 {[%emt 0:00:00]} Ba6 {[%emt 0:00:44]} 6. Ng3 {[%emt 0:00:11]} Bxc3+ {[%emt 0:00:52]} 7. bxc3 {[%emt 0:00:06]} d5 {[%emt 0:00:05]} 8. Ba3 {[%emt 0:01:08]} dxc4 {[%emt 0:11:07] E45: Nimzo-Indian: Rubinstein: 4...b6 5 Ne2 Ba6} 9. e4 {[%emt 0:00:14]} Qd7 {[%emt 0:04:41]} 10. Be2 {[%emt 0:00:19]} Nc6 {[%emt 0:01:51]} 11. Qc2 {[%emt 0:08:44]} O-O-O {[%emt 0:14:24]} 12. O-O {[%emt 0:00:25]} h5 {[%emt 0:02:10]} 13. Rfb1 $146 {[%emt 0:12:54]} ({Predecessor:} 13. Rfd1 Ne7 14. Bc1 Rdg8 15. Nf1 g5 16. Ne3 {1-0 (39) Graf,A (2623)-Cvek,R (2430) Leipzig 2002 CBM 089 [Wells,P]}) 13... h4 {[%emt 0:13:22]} 14. Nf1 {[%emt 0:00:11]} Nh5 {[%emt 0:01:55]} 15. Ne3 {[%emt 0:04:20]} Nf4 {[%emt 0:00:35]} 16. Bxc4 {[%emt 0:00:34]} Bxc4 {[%emt 0:00:57]} 17. Nxc4 {[%emt 0:00:05]} f5 {[%emt 0:05:49]} 18. Bc1 {[%emt 0:31:22]} g5 {[%emt 0:00:55]} 19. f3 $11 {[%emt 0:01:22]} (19. a4 $1 $14) 19... fxe4 {[%emt 0:09:11]} 20. fxe4 {[%emt 0:00:05]} Qh7 {[%emt 0:06:31]} 21. h3 {[%emt 0:10:56]} e5 {[%emt 0:02:33]} 22. Bxf4 {[%emt 0:12:58]} gxf4 {[%emt 0:00:13]} 23. Nxe5 {[%emt 0:04:55]} Nxe5 {[%emt 0:00:11]} 24. dxe5 {[%emt 0:00:01]} Qe7 {[%emt 0:02:01]} 25. a4 {[%emt 0:01:29]} f3 {[%emt 0:03:32]} 26. Rf1 {[%emt 0:05:32]} fxg2 {[%emt 0:02:54]} 27. Rf3 {[%emt 0:03:10]} Qxe5 {[%emt 0:01:31]} 28. a5 {[%emt 0:00:29]} Rhf8 {[%emt 0:07:08]} 29. Qf2 {[%emt 0:01:45]} Rxf3 {[%emt 0:01:39]} 30. Qxf3 {[%emt 0:00:01]} Rg8 {[%emt 0:02:23]} 31. axb6 {[%emt 0:00:46]} Qc5+ {[%emt 0:01:13]} 32. Qf2 {[%emt 0:00:02]} Qxf2+ {[%emt 0:00:18]} 33. Kxf2 {[%emt 0:00:02]} g1=Q+ {[%emt 0:00:18]} 34. Rxg1 {[%emt 0:00:07]} Rxg1 {[%emt 0:00:03]} 35. Kxg1 {[%emt 0:00:26]} a5 {[%emt 0:00:14]} 0-1

[Event "WYCC 2018 O16"]
[Site "Halkidiki"]
[Date "2018.10.23"]
[Round "5"]
[White "Wang, Yanbin"]
[Black "Baenziger, Fabian"]
[Result "1/2-1/2"]
[WhiteElo "2220"]
[BlackElo "2355"]
[Annotator "NA"]
[PlyCount "81"]
[EventDate "2018.10.20"]
[EventType "swiss"]
[EventCountry "GRE"]
[SourceTitle "playchess.com"]
[Source "ChessBase"]
[SourceQuality "1"]
[TimeControl "40/5400+30:1800+30"]

1. c4 {[%emt 0:00:00]} g6 {[%emt 0:00:00]} 2. Nc3 {[%emt 0:00:00]} Bg7 {[%emt 0:00:01]} 3. g3 {[%emt 0:00:00]} Nf6 {[%emt 0:00:13]} 4. Bg2 {[%emt 0:00:00]} O-O {[%emt 0:00:22]} 5. d4 {[%emt 0:00:10]} c5 {[%emt 0:04:37]} 6. d5 {[%emt 0:01:15]} d6 {[%emt 0:00:18]} 7. Nf3 {[%emt 0:01:12]} e6 {[%emt 0:00:40]} 8. dxe6 {[%emt 0:07:35]} Bxe6 {[%emt 0:04:15]} 9. Ng5 {[%emt 0:00:34]} Nc6 {[%emt 0:03:12]} 10. Nxe6 {[%emt 0:00:09]} fxe6 {[%emt 0:00:01]} 11. O-O {[%emt 0:01:14]} Qe7 {[%emt 0:02:21]} 12. Bf4 {[%emt 0:01:11]} Rad8 $14 {[%emt 0:01:51] LiveBook: 7 Games} 13. Qd2 {[%emt 0:05:06]} Kh8 {[%emt 0:16:52]} 14. Bxc6 bxc6 {[%emt 0:00:06]} 15. Rad1 {[%emt 0:34:04]} d5 {[%emt 0:06:41]} 16. Bg5 {[%emt 0:01:42]} Qc7 {[%emt 0:09:13]} 17. Qd3 {[%emt 0:16:45]} Qe5 {[%emt 0:03:14]} 18. Bxf6 {[%emt 0:08:11]} Qxf6 {[%emt 0:02:35]} 19. e4 {[%emt 0:03:54]} Qd4 {[%emt 0:08:13]} 20. cxd5 {[%emt 0:02:14]} Qxd3 {[%emt 0:00:57]} 21. Rxd3 {[%emt 0:00:21]} c4 {[%emt 0:00:35]} 22. Rd2 {[%emt 0:00:46]} cxd5 {[%emt 0:01:32]} 23. exd5 {[%emt 0:00:18]} exd5 {[%emt 0:00:57]} 24. Nxd5 {[%emt 0:06:16]} Bxb2 {[%emt 0:00:05]} 25. Rxb2 {[%emt 0:00:07]} Rxd5 {[%emt 0:00:02]} 26. Rc1 {[%emt 0:00:14]} Rc8 {[%emt 0:00:15]} 27. Rc3 {[%emt 0:00:27]} Rd3 {[%emt 0:01:23]} 28. Rxd3 {[%emt 0:01:38]} cxd3 {[%emt 0:00:04]} 29. Rd2 {[%emt 0:00:04]} Rc2 {[%emt 0:00:10]} 30. Rxd3 {[%emt 0:00:03]} Rxa2 {[%emt 0:00:04]} 31. Rd7 {[%emt 0:00:03]} Kg8 {[%emt 0:00:24]} 32. Kg2 {[%emt 0:00:08]} h5 {[%emt 0:01:54]} 33. Kf3 {[%emt 0:01:10]} Kf8 {[%emt 0:01:37]} 34. h4 {[%emt 0:02:22]} Kg8 {[%emt 0:00:32]} 35. Ke4 {[%emt 0:01:36]} Rxf2 {[%emt 0:00:05]} 36. Rxa7 {[%emt 0:00:03]} Rf5 {[%emt 0:00:25]} 37. Rd7 {[%emt 0:00:17]} Ra5 {[%emt 0:00:16]} 38. Kf4 {[%emt 0:00:23]} Rf5+ {[%emt 0:00:05]} 39. Ke4 {[%emt 0:00:03]} Ra5 {[%emt 0:00:02]} 40. Kf4 {[%emt 0:00:00]} Rf5+ {[%emt 0:00:00]} 41. Ke4 {[%emt 0:00:08]} 1/2-1/2

[Event "WYCC 2018 O16"]
[Site "Halkidiki"]
[Date "2018.10.23"]
[Round "5"]
[White "Gabizon, Eyal"]
[Black "Zhalmakhanov, Ramazan"]
[Result "1/2-1/2"]
[WhiteElo "2205"]
[BlackElo "2316"]
[Annotator "TA"]
[PlyCount "194"]
[EventDate "2018.10.20"]
[EventType "swiss"]
[EventCountry "GRE"]
[SourceTitle "playchess.com"]
[Source "ChessBase"]
[SourceQuality "1"]

{[%evp 25,193,-30,-24,-29,-28,-33,-21,-47,-39,-71,-67,-70,-53,-49,-49,-60,-41,-58,-54,-49,-16,-13,-8,-7,-7,-9,-8,-5,-2,-2,0,0,10,0,11,2,25,12,20,22,27,7,9,17,26,19,29,29,29,34,40,35,39,38,27,24,29,0,0,0,0,0,0,0,0,0,0,-8,-8,-8,-8,-8,-13,-10,0,0,0,0,0,0,0,0,64,0,0,-21,-21,-21,0,-118,-118,-118,-118,-118,-87,-158,-158,-158,-158,-158,-158,-158,-158,-158,-158,-158,-158,-158,-158,-158,-158,-158,-158,-158,-158,-158,-158,-158,-134,-134,-134,-134,-134,-134,-125,-125,-59,-59,-52,-52,-52,-52,-52,-52,-52,-68,-60,-68,-68,-68,-68,-68,-68,-68,-68,-68,-68,-68,-68,-68,-8,-68,-8,-8,-8,-8,0,0,0,0,0,0,0,0,0,0,0,0,0,0]} 1. d4 Nf6 2. c4 e6 3. Nc3 Bb4 4. e3 O-O 5. Bd3 d5 6. Nge2 dxc4 7. Bxc4 c5 8. O-O cxd4 9. exd4 Nbd7 10. a3 Be7 11. Bg5 Nb6 12. Ba2 Bd7 {E48: Nimzo-Indian: Rubinstein: 5 Bd3 d5 including 6 Ne2, but excluding 6 a3} 13. Qd3 Bc6 {[#] LiveBook: 5 Games} 14. Rac1 $146 ({Predecessor:} 14. Rad1 Na4 15. Rd2 Nxc3 16. Nxc3 Qc7 17. d5 Nxd5 18. Nxd5 exd5 19. Bxe7 Qxe7 20. Bxd5 {½-½ (62) Ding,L (2791)-Aronian,L (2764) Stavanger 2018}) 14... Re8 {Black has an edge.} 15. Bb1 {next Bxf6 is good for White.} g6 16. Ng3 {[%cal Be2g3,Bg3e4,Be4c5][%mdl 32]} Nfd5 17. Be3 Nxc3 18. Qxc3 Bb5 19. Rfe1 Rc8 20. Qa5 Bc6 21. Ne4 Nd5 22. Qd2 Nf6 23. Nc5 Nd7 24. Nd3 Bf6 25. Nb4 $1 Nb6 26. Nxc6 bxc6 27. Be4 Nd5 28. b4 Qb6 29. Rc5 Be7 30. Rc4 Ra8 31. Qc2 Rec8 32. Bd2 Bf6 33. Qd3 Rd8 34. Rec1 Ne7 {[%cal Rd8d4,Bd5e7,Be7f5,Bf5d4][%mdl 32]} 35. Be3 {[%cal Re4c6]} ({Reject} 35. Bxc6 Bxd4 36. Qe2 Rac8 $17) 35... Rd6 36. Qc2 {Strongly threatening d5.} Qd8 37. Bxc6 Rc8 38. Bf3 {[%cal Rc4c8]} Rxc4 39. Qxc4 Nf5 {[%cal Rf6d4]} 40. Qc8 Bxd4 41. Bxd4 Nxd4 42. Qxd8+ Rxd8 $11 {[%mdl 4096] Endgame KRB-KRN} 43. Rc7 Nb5 44. Rb7 Nxa3 45. Rxa7 Nc2 46. Rb7 Nd4 47. b5 Ra8 48. h3 Ra1+ 49. Kh2 Ra2 50. Kg3 Nf5+ 51. Kh2 Nd4 52. Kg3 Kg7 53. b6 {Threatens to win with Rd7.} Ra3 (53... Rb2 $11) 54. Rb8 ({Better is} 54. Kf4 $1 $14) 54... Rb3 55. b7 Nxf3 56. gxf3 {KR-KR} h5 57. h4 (57. Kf4 $11 {was the only way to keep the balance.}) 57... Kf6 $17 58. Kf4 Rb4+ 59. Kg3 e5 60. Kh3 ({White should try} 60. Re8 Rxb7 61. f4) 60... Rb3 61. Kg2 Kf5 62. Kg3 Rb2 63. Kh3 Kf4 64. Kg2 Rb1 65. Ra8 Rxb7 66. Ra4+ Kf5 67. Kg3 Rb1 68. Rc4 Rd1 69. Ra4 f6 70. Rb4 Rd4 71. Rb6 g5 72. hxg5 Kxg5 73. Ra6 Rd3 {Hoping for ...e4.} 74. Ra4 {[#]} h4+ $1 {[%mdl 512]} 75. Kg2 (75. Rxh4 Rxf3+) 75... f5 (75... Rd4 $17 76. Ra8 Kf5) 76. Rb4 $15 {[#]} h3+ $1 {[%mdl 512]} 77. Kxh3 Rxf3+ 78. Kg2 e4 79. Ra4 Rb3 80. Rc4 Kg4 81. Ra4 Rb2 82. Rc4 Kg5 83. Kg1 Kf4 84. Kg2 Kg4 85. Ra4 Re2 86. Kf1 Rd2 {White must now prevent ...Kf3.} 87. Kg2 Rd1 (87... Rc2 $15 88. Kg1 Re2) 88. Rb4 (88. f3+ $1 $11 Kf4 89. fxe4) 88... Re1 (88... Kf4 $15 89. Rb3 Ra1) 89. f3+ $1 $11 {The position is equal.} Kf4 90. fxe4 Re2+ ({Resist} 90... fxe4 91. Kf2 $17) (90... Rxe4 {feels hotter.} 91. Rb3 Re2+ 92. Kf1 Re3 93. Rb2 Ra3) 91. Kf1 Rxe4 92. Rxe4+ Kxe4 {KP-K} 93. Ke2 f4 $2 {[%mdl 8192]} (93... Kd4 94. Kf3 Ke5) 94. Kf2 {[%cal Be2f2,Bf2f1,Bf1e1][%mdl 32]} f3 {[%cal Bf4f3,Bf3f2][%mdl 32]} 95. Kf1 Ke3 {( -> ...f2)} (95... Kd4 $5) 96. Ke1 f2+ 97. Kf1 Kf3 {Precision: White = 62%, Black = 61%.} 1/2-1/2

[Event "WYCC 2018 O16"]
[Site "Halkidiki"]
[Date "2018.10.23"]
[Round "5"]
[White "Stefan, Victor"]
[Black "Milosevic, Milos"]
[Result "0-1"]
[WhiteElo "1998"]
[BlackElo "2306"]
[Annotator "NA"]
[PlyCount "132"]
[EventDate "2018.10.20"]
[EventType "swiss"]
[EventCountry "GRE"]
[SourceTitle "playchess.com"]
[Source "ChessBase"]
[SourceQuality "1"]
[TimeControl "40/5400+30:1800+30"]

1. d4 {[%emt 0:02:53]} Nf6 {[%emt 0:00:05]} 2. c4 {[%emt 0:01:05]} d6 {[%emt 0:06:28]} 3. Nc3 {[%emt 0:00:24]} g6 {[%emt 0:00:41]} 4. e4 {[%emt 0:00:51]} Bg7 {[%emt 0:00:02]} 5. Nf3 {[%emt 0:00:00]} O-O {[%emt 0:00:08]} 6. Be2 {[%emt 0:00:12]} Na6 {[%emt 0:01:46]} 7. O-O {[%emt 0:08:29]} e5 {[%emt 0:00:07]} 8. Be3 {[%emt 0:02:03] LiveBook: 2869 Games} exd4 {[%emt 0:01:23]} 9. Nxd4 {[%emt 0:00:18]} Re8 {[%emt 0:00:07]} 10. f3 {[%emt 0:02:27]} c6 {[%emt 0:00:12]} 11. Nc2 {[%emt 0:11:49]} (11. Qd2 $16) 11... Nc7 {[%emt 0:07:55] E94: King's Indian: Classical: 6 Be2 e5 7 0-0: Various Black 7th moves} (11... d5 12. cxd5 cxd5 13. exd5 Nb4 14. Bf2 Nbxd5 15. Nxd5 Qxd5 16. Qxd5 Nxd5 17. Bb5 Rd8 18. Bh4 Bf6 19. Bxf6 Nxf6 20. Rfd1 Bd7 21. Bxd7 Rxd7 22. Rxd7 Nxd7 {½-½ (31) Lenic,L (2637)-Markus,R (2625) Ljubljana 2012}) 12. Qd2 {[%emt 0:15:02]} d5 {[%emt 0:00:40]} 13. exd5 {[%emt 0:00:38]} cxd5 {[%emt 0:00:13]} 14. c5 {[%emt 0:01:16]} Bf5 $146 {[%emt 0:42:22]} ({Predecessor:} 14... Bd7 15. Rad1 Bc6 16. b4 Qd7 17. Nd4 a6 18. Rfe1 Re7 19. Bf2 {1-0 (35) Fontaine,Q (2238)-Le Quang,K (2264) Charleroi 2016}) 15. Nd4 {[%emt 0:01:40]} Bd7 {[%emt 0:00:55]} 16. Rac1 {[%emt 0:05:53]} Nh5 {[%emt 0:05:40]} 17. Rfd1 {[%emt 0:14:21]} Bf6 {[%emt 0:25:14]} 18. f4 {[%emt 0:02:43]} Ng7 {[%emt 0:00:02]} 19. Bf3 {[%emt 0:00:25]} Bf5 {[%emt 0:01:14]} 20. g4 {[%emt 0:12:32]} Be4 {[%emt 0:00:15]} 21. Qg2 {[%emt 0:00:24]} Bxf3 {[%emt 0:00:46]} 22. Qxf3 {[%emt 0:00:01]} h5 {[%emt 0:01:38]} 23. h3 {[%emt 0:00:18]} Qd7 {[%emt 0:00:05]} 24. Bf2 {[%emt 0:01:07]} Rad8 {[%emt 0:00:05]} 25. b4 {[%emt 0:00:33]} b6 {[%emt 0:02:17]} 26. c6 {[%emt 0:03:10]} Qe7 {[%emt 0:01:01]} 27. a3 {[%emt 0:03:38]} hxg4 {[%emt 0:00:16]} 28. hxg4 {[%emt 0:00:02]} Nge6 {[%emt 0:00:18]} 29. Kg2 {[%emt 0:06:02]} Bxd4 {[%emt 0:00:55]} 30. Bxd4 {[%emt 0:01:28]} Nxd4 {[%emt 0:00:04]} 31. Rxd4 {[%emt 0:00:10]} Qf6 {[%emt 0:00:06]} 32. Rdd1 {[%emt 0:02:13]} Ne6 {[%emt 0:00:36]} 33. Ne2 {[%emt 0:00:55]} Qb2 {[%emt 0:00:12]} 34. Kg3 {[%emt 0:01:02]} Rc8 {[%emt 0:02:37]} 35. Rb1 {[%emt 0:00:52]} Qf6 {[%emt 0:00:17]} 36. b5 {[%emt 0:00:24]} Nc5 {[%emt 0:00:31]} 37. Rxd5 {[%emt 0:00:35]} Ne4+ {[%emt 0:00:33]} 38. Kg2 {[%emt 0:00:14]} Kg7 {[%emt 0:00:37]} 39. Rbd1 {[%emt 0:00:43]} Qb2 {[%emt 0:00:18]} 40. R5d4 {[%emt 0:00:00]} Nf6 {[%emt 0:00:00]} 41. R1d2 {[%emt 0:04:03]} Qxb5 {[%emt 0:01:44]} 42. Rc2 {[%emt 0:18:03]} Rc7 {[%emt 0:05:09]} 43. Ng3 {[%emt 0:02:20]} Qb1 {[%emt 0:07:35]} 44. Qc3 {[%emt 0:02:06]} Re3 {[%emt 0:00:32]} 45. Qxe3 {[%emt 0:02:59]} Qxc2+ {[%emt 0:00:03]} 46. Kh3 {[%emt 0:01:58]} Rc8 {[%emt 0:01:53]} 47. Ne2 {[%emt 0:02:24]} Qxc6 {[%emt 0:00:34]} 48. g5 {[%emt 0:00:42]} Qh1+ {[%emt 0:00:57]} 49. Kg3 {[%emt 0:00:08]} Nh5+ {[%emt 0:00:11]} 50. Kf2 {[%emt 0:00:26]} Qh2+ $17 {[%emt 0:00:54]} 51. Ke1 {[%emt 0:00:18]} Qh1+ {[%emt 0:00:34]} 52. Kf2 {[%emt 0:00:29]} Qh4+ {[%emt 0:09:42]} 53. Kf1 {[%emt 0:00:30]} Qg4 {[%emt 0:00:41]} 54. Kf2 {[%emt 0:00:47]} Kf8 {[%emt 0:01:13]} 55. Qe5 {[%emt 0:00:39]} Ng7 {[%emt 0:00:53]} 56. Re4 {[%emt 0:00:40]} Kg8 {[%emt 0:00:16]} 57. Qd5 {[%emt 0:00:35]} Nf5 {[%emt 0:01:40]} 58. Qb5 {[%emt 0:00:27]} Nd6 {[%emt 0:00:19]} 59. Qe5 {[%emt 0:00:26]} Qh4+ {[%emt 0:00:27]} 60. Ke3 {[%emt 0:00:16]} Qh3+ {[%emt 0:00:43]} 61. Kf2 {[%emt 0:00:20]} Qh2+ {[%emt 0:00:11]} 62. Ke3 {[%emt 0:00:14]} Nxe4 {[%emt 0:00:36]} 63. Qxe4 {[%emt 0:00:07]} Qh3+ {[%emt 0:00:52]} 64. Kf2 {[%emt 0:00:17]} Qxa3 {[%emt 0:00:04]} 65. Nd4 {[%emt 0:00:49]} Qb4 {[%emt 0:00:49]} 66. Kg3 {[%emt 0:00:48]} Rd8 {[%emt 0:00:12]} 0-1

[Event "WYCC 2018 O16"]
[Site "Halkidiki"]
[Date "2018.10.24"]
[Round "6"]
[White "Esipenko, Andrey"]
[Black "Schitco, Ivan"]
[Result "1-0"]
[WhiteElo "2609"]
[BlackElo "2376"]
[Annotator "TA"]
[PlyCount "61"]
[EventDate "2018.10.20"]
[EventType "swiss"]
[EventCountry "GRE"]
[SourceTitle "playchess.com"]
[Source "ChessBase"]
[SourceQuality "1"]

{[%evp 16,61,5,0,0,0,0,0,12,19,23,0,0,0,12,12,26,0,6,8,20,0,27,21,39,17,26,17,44,41,48,37,45,35,64,52,87,78,92,75,198,204,195,204,191,190,227,201]} 1. d4 Nf6 2. Nf3 d5 3. c4 e6 4. Nc3 dxc4 5. e4 Bb4 6. Bxc4 {D24: Queen's Gambit Accepted: 3 Nf3 Nf6 4 Nc3} Nxe4 7. O-O Nxc3 (7... Nf6 8. Qa4+ Nc6 9. Ne5 Rb8 10. d5 exd5 11. Nxd5 Nxd5 12. Nxc6 bxc6 13. Qxc6+ Qd7 14. Bxd5 {½-½ (28) Aronian,L (2764)-Caruana,F (2822) Stavanger 2018}) 8. bxc3 Be7 9. Qe2 {LiveBook: 15 Games} Nd7 10. Rd1 O-O 11. Ne5 Nxe5 $146 ({Predecessor:} 11... c5 12. Bf4 Qa5 13. d5 Qa4 {1-0 (65) Melkumyan,H (2633)-Hawkins,J (2579) London 2017}) 12. dxe5 Qe8 13. Bd3 f5 14. exf6 $1 Bxf6 15. Rb1 c6 16. Be3 Qf7 17. a4 Re8 18. Qc2 Qh5 19. Be4 Kh8 20. c4 {[%mdl 1024] White has compensation.} a6 21. f3 Be5 22. g4 $36 {[%mdl 2048] White is pushing.} Qh4 23. Qf2 Qe7 24. Kg2 Kg8 25. h4 Bb8 26. g5 e5 27. Qc2 Qe6 (27... Kh8 $16) 28. Rh1 {White is clearly better.} Kh8 29. Bxh7 e4 30. Bxe4 Qe5 {With the idea ...Qg3+.} 31. Bf2 {Precision: White = 66%, Black = 43%.} 1-0